000 00531nam a2200205 a 4500
001 17687
003 CO-ViMGA
008 141112s2004 ck r 000 u spa d
020 _a9586078906
040 _aCO-ViMGA
_bspa
_cCO-ViMGA
082 0 4 _a323.4 A581d
100 1 _aAlvarez, Wilson
_925095
245 1 0 _aDerechos y deberes de la tercera edad
260 _aBogotá,
_cSan Pablo,
_c1996
300 _a46.p.
650 1 4 _aANCIANOS
_925096
650 1 4 _aDERECHOS HUMANOS
_955
650 1 4 _aGERONTOLOGIA
_925097
942 _2ddc
_cBK
999 _c27174
_d27174